Agresszió ellen: futball
Elmentve itt :
| Szerző: | |
|---|---|
| Adatforrás: | Meister |
| Forrásdokumentuma: | A Hét. - 34 sz., 1990, 8 p. |
| Nyelv: | magyar |
| Kulcsszavak: | etológia sport agresszivitás LORENZ Konrad |
| LEADER | 00386nab a2200157 i 4500 | ||
|---|---|---|---|
| 001 | bibPRO00004739 | ||
| 008 | 060524s1990 xx hun | ||
| 040 | |a Sz1 | ||
| 041 | |a hun | ||
| 100 | 1 | |a KISS Levente | |
| 245 | 1 | 0 | |a Agresszió ellen: futball |c KISS Levente |
| 695 | |a etológia | ||
| 695 | |a sport | ||
| 695 | |a agresszivitás | ||
| 695 | |a LORENZ Konrad | ||
| 773 | 0 | |t A Hét. - |g 34 sz., 1990, 8 p. | |